A study of history
The inspiration of historians : The historian's angle of vision; the attractiveness of the facts of history, the impulse to investigate the relations between the facts of history, the feeling for the poetry in the facts of history...
Bewaard in:
| Hoofdauteur: | |
|---|---|
| Formaat: | Boek |
| Taal: | Undetermined |
| Gepubliceerd in: |
Royal Institute of International Affairs
1934
|
| Onderwerpen: | |
| Tags: |
Voeg label toe
Geen labels, Wees de eerste die dit record labelt!
|
| Thư viện lưu trữ: | Trung tâm Học liệu Trường Đại học Cần Thơ |
|---|
| LEADER | 00800nam a2200205Ia 4500 | ||
|---|---|---|---|
| 001 | CTU_217594 | ||
| 008 | 210402s9999 xx 000 0 und d | ||
| 020 | |c 15 | ||
| 082 | |a 909 | ||
| 082 | |b T756/Vol.10 | ||
| 100 | |a Toynbee, Arnold J. | ||
| 245 | 2 | |a A study of history | |
| 245 | 0 | |c Arnold J. Toynbee | |
| 260 | |b Royal Institute of International Affairs | ||
| 260 | |c 1934 | ||
| 520 | |a The inspiration of historians : The historian's angle of vision; the attractiveness of the facts of history, the impulse to investigate the relations between the facts of history, the feeling for the poetry in the facts of history... | ||
| 650 | |a Civilization,Nền văn minh | ||
| 650 | |x History,Lịch sử | ||
| 904 | |i Trinh, Trúc | ||
| 980 | |a Trung tâm Học liệu Trường Đại học Cần Thơ | ||